000 01452cam a22003015a 4500
001 17902863
005 20151222102119.0
008 130930t2014 flua frb 001 0 eng d
020 _a9780415778824 (alk. paper)
040 _aDLC
_beng
_cDLC
_dDLC
_dEG-ScBUE
082 0 4 _a620.137
_222
_bNAN
100 1 _aNanni, Antonio.
_938792
245 1 0 _aReinforced concrete with FRP bars :
_bmechanics and design /
_cAntonio Nanni, Antonio De Luca, Hany Jawaheri Zadeh.
246 3 _aReinforced concrete with fiber-reinforced polymer bars
260 _aBoca Raton :
_bCRC Press / Taylor & Francis Group,
_cc.2014.
300 _axx, 397 p. :
_bill. ;
_c24 cm.
500 _aIndex : p. 385-397.
504 _aIncludes bibliographical references.
505 0 _aMaterials and test methods. Introduction -- Material properties -- FRP bar properties -- Analysis and design. Flexural members -- Members subjected to combined axial load and bending moment -- Design examples. Design of a one-way slab -- Design of a beam -- Design of a two-way slab -- Design of a column -- Design of square footing for single column.
650 0 _aReinforced concrete
_2BUEsh
650 0 _aReinforcing bars
_2BUEsh
650 0 _aFiber-reinforced concrete
_2BUEsh
650 0 _aPolymer-impregnated concrete
_2BUEsh
653 _bENGGEN
_cJuly2015
_cNovember2015
_cDecember2015
700 1 _aDe Luca, Antonio
_c(Civil engineer)
700 1 _aJawaheri Zadeh, Hany,
942 _2ddc
999 _c20328
_d20300